000 00249nam a2200109Ia 4500
008 220204s9999 xx 000 0 und d
082 _a82-3
_bFRA;1
100 _aGerold
245 4 _aThe Boston strangler
260 _aLondon
_bPan
_c1977
942 _cBK
999 _c29287
_d29287